Statistics for Interstate I-30 Cities

Click here to take the quiz!

General Stats

  • This quiz has been taken 70 times
  • The average score is 6 of 8

Answer Stats

State% Correct
Arkansas
96%
Dallas
96%
Little Rock
96%
Texas
95%
Fort Worth
88%
Arlington
80%
Grand Prairie
48%
Garland
45%

Score Distribution

Percentile by Number Answered

Percent of People with Each Score

Your Score History

You have not taken this quiz